000 00584nam a22001937a 4500
005 20251108175207.0
008 250721s1996 xx 000 0 ara d
082 1 4 _a303.625/دعب
100 1 _aدعبس، محمد يسرى
245 1 0 _aالإرهاب و الشباب رؤية في أنثربولوجيا الجريمة /
250 _aط.2.
264 1 _aالاسكندرية :
_bالمؤلف،
_c1996.
300 _a362 ص.
650 1 7 _aالمشاكل الإجتماعية
650 1 7 _aالإرهاب
650 1 7 _aالشباب
942 _2ddc
_cBK
999 _c128373
_d128373